[Event "Moscow Open 2016 A"]
[Site "?"]
[Date "2016.02.06"]
[Round "8.5"]
[White "Moskalenko, Alexander"]
[Black "Badmatsyrenov, Oleg"]
[Result "1-0"]
[BlackElo "2473"]
[WhiteElo "2442"]
[LiveChessVersion "1.4.7"]

1. d4 {[%clk 1:30:59]} Nf6 {[%clk 1:30:49]} 2. Nf3 {[%clk 1:31:25]} c5
{[%clk 1:30:50]} 3. e3 {[%clk 1:31:50]} g6 {[%clk 1:26:18]} 4. dxc5
{[%clk 1:31:25]} Qa5+ {[%clk 1:26:14]} 5. Nbd2 {[%clk 1:31:51]} Bg7
{[%clk 1:25:45]} 6. a3 {[%clk 1:31:11]} Qxc5 {[%clk 1:24:56]} 7. b4
{[%clk 1:31:36]} Qc7 {[%clk 1:25:20]} 8. Bb2 {[%clk 1:32:02]} O-O
{[%clk 1:25:32]} 9. c4 {[%clk 1:30:19]} b6 {[%clk 1:23:30]} 10. Be2
{[%clk 1:30:09]} Bb7 {[%clk 1:23:51]} 11. O-O {[%clk 1:30:22]} d6
{[%clk 1:23:17]} 12. Qb3 {[%clk 1:27:21]} Nbd7 {[%clk 1:23:21]} 13. Rfc1
{[%clk 1:22:54]} Rac8 {[%clk 1:19:58]} 14. h3 {[%clk 1:11:45]} Qb8
{[%clk 1:19:25]} 15. Bc3 {[%clk 1:05:23]} d5 {[%clk 1:12:53]} 16. a4
{[%clk 0:53:16]} e6 {[%clk 1:10:54]} 17. Qb2 {[%clk 0:45:23]} dxc4
{[%clk 1:03:38]} 18. Ne5 Nxe5 {[%clk 1:02:29]} 19. Bxe5 {[%clk 0:41:36]} Nh5
{[%clk 1:02:50]} 20. Bxg7 {[%clk 0:40:47]} Nxg7 {[%clk 1:03:13]} 21. Nxc4
{[%clk 0:40:51]} Nf5 {[%clk 0:59:20]} 22. Ne5 {[%clk 0:22:58]} Rxc1+
{[%clk 0:58:31]} 23. Rxc1 {[%clk 0:22:20]} Qd8 {[%clk 0:54:47]} 24. Bf3
{[%clk 0:21:11]} Bxf3 {[%clk 0:53:48]} 25. Nxf3 {[%clk 0:21:36]} h5
{[%clk 0:44:44]} 26. Qe5 {[%clk 0:20:12]} Qd7 {[%clk 0:29:28]} 27. g4
{[%clk 0:14:04]} Ng7 {[%clk 0:28:21]} 28. Qf4 {[%clk 0:10:38]} Rc8
{[%clk 0:24:07]} 29. Rxc8+ {[%clk 0:10:34]} Qxc8 {[%clk 0:24:36]} 30. Ne5
{[%clk 0:07:23]} Qc7 {[%clk 0:17:41]} 31. Kh2 {[%clk 0:07:29]} hxg4
{[%clk 0:14:57]} 32. hxg4 {[%clk 0:07:14]} Qe7 {[%clk 0:11:49]} 33. Nc6
{[%clk 0:07:15]} Qh4+ {[%clk 0:11:19]} 34. Kg2 {[%clk 0:07:39]} a6
{[%clk 0:05:52]} 35. Nb8 {[%clk 0:04:21]} Qd8 {[%clk 0:04:56]} 36. Nc6
{[%clk 0:03:44]} Qh4 {[%clk 0:04:57]} 37. Nb8 {[%clk 0:03:38]} e5
{[%clk 0:04:14]} 38. Qf3 {[%clk 0:02:51]} f5 {[%clk 0:03:51]} 39. Nd7
{[%clk 0:02:13]} Qe7 {[%clk 0:02:10]} 40. Qd5+ {[%clk 0:31:18]} Kh7
{[%clk 0:32:19]} 41. Nxe5 {[%clk 0:22:16]} Qxb4 {[%clk 0:30:28]} 42. Qc6
{[%clk 0:19:54]} fxg4 {[%clk 0:21:27]} 43. Qxg6+ {[%clk 0:19:23]} Kg8
{[%clk 0:21:50]} 44. Nxg4 {[%clk 0:18:53]} Qxa4 {[%clk 0:21:12]} 45. e4
{[%clk 0:16:17]} Qd1 {[%clk 0:17:19]} 46. Nf6+ {[%clk 0:15:36]} Kf8
{[%clk 0:17:44]} 47. Nd5 {[%clk 0:16:02]} Qa1 {[%clk 0:12:55]} 48. Qd6+
{[%clk 0:15:08]} Kg8 {[%clk 0:13:18]} 49. e5 {[%clk 0:14:14]} Qb1
{[%clk 0:06:21]} 50. Qd8+ {[%clk 0:10:42]} Kh7 {[%clk 0:06:49]} 51. Qh4+
{[%clk 0:10:58]} Kg6 {[%clk 0:06:59]} 52. Ne7+ {[%clk 0:09:13]} Kf7
{[%clk 0:07:27]} 53. Qf6+ {[%clk 0:09:36]} Ke8 {[%clk 0:07:56]} 54. Qxg7
{[%clk 0:09:19]} Qe4+ {[%clk 0:08:24]} 55. Kg3 {[%clk 0:08:29]} Qd3+
{[%clk 0:07:54]} 56. Kg4 {[%clk 0:06:55]} Qe4+ {[%clk 0:06:47]} 57. Kg5
{[%clk 0:06:40]} a5 {[%clk 0:02:24]} 58. Nf5 {[%clk 0:06:15]} Qb4
{[%clk 0:01:17]} 59. Qg8+ {[%clk 0:05:50]} Kd7 {[%clk 0:01:26]} 60. Qd5+
{[%clk 0:06:15]} Kc7 {[%clk 0:00:38]} 61. e6 {[%clk 0:06:24]} Qf8
{[%clk 0:00:31]} 62. e7 {[%clk 0:06:35]} Qe8 {[%clk 0:00:49]} 63. Qd6+
{[%clk 0:06:58]} Kc8 {[%clk 0:01:14]} 64. Qe6+ {[%clk 0:07:20]} Kc7 1-0

[Event "Moscow Open 2016 A"]
[Site "?"]
[Date "2016.02.06"]
[Round "8.6"]
[White "Geller, Jakov"]
[Black "Artemiev, Vladislav"]
[Result "0-1"]
[BlackElo "2673"]
[WhiteElo "2487"]
[LiveChessVersion "1.4.7"]

1. e4 {[%clk 1:30:56]} c5 {[%clk 1:30:48]} 2. Nf3 {[%clk 1:31:21]} d6
{[%clk 1:31:01]} 3. d4 {[%clk 1:31:45]} cxd4 {[%clk 1:31:19]} 4. Nxd4
{[%clk 1:32:11]} Nf6 {[%clk 1:31:35]} 5. Nc3 {[%clk 1:32:36]} a6 {[%clk 1:31:36]}
6. Bg5 {[%clk 1:32:41]} Nbd7 {[%clk 1:30:30]} 7. Qe2 {[%clk 1:33:04]} g6
{[%clk 1:19:41]} 8. f4 {[%clk 1:28:09]} Bg7 {[%clk 1:19:45]} 9. O-O-O
{[%clk 1:20:41]} O-O {[%clk 1:17:11]} 10. e5 {[%clk 1:11:47]} dxe5
{[%clk 1:16:59]} 11. fxe5 {[%clk 1:12:12]} Qa5 {[%clk 1:17:09]} 12. Nf3
{[%clk 1:08:41]} Ng4 {[%clk 1:17:11]} 13. Bxe7 {[%clk 1:04:03]} Re8
{[%clk 1:14:25]} 14. Bd6 {[%clk 1:02:12]} Ndxe5 {[%clk 0:54:16]} 15. h3
{[%clk 0:51:07]} Be6 {[%clk 0:45:24]} 16. hxg4 {[%clk 0:44:52]} Nc4
{[%clk 0:45:09]} 17. Qxc4 {[%clk 0:34:27]} Bxc4 {[%clk 0:44:57]} 18. Bxc4
{[%clk 0:34:53]} Rad8 {[%clk 0:40:17]} 19. Bb3 {[%clk 0:27:16]} Bxc3
{[%clk 0:40:19]} 20. bxc3 {[%clk 0:22:27]} Rxd6 {[%clk 0:40:29]} 21. Rxd6
{[%clk 0:22:53]} Qa3+ {[%clk 0:40:51]} 22. Kb1 {[%clk 0:23:21]} Qxd6
{[%clk 0:41:09]} 23. Ng5 {[%clk 0:23:49]} Re7 {[%clk 0:34:50]} 24. Nxf7
{[%clk 0:23:44]} Qd2 {[%clk 0:29:23]} 25. g5 {[%clk 0:20:37]} Kg7
{[%clk 0:29:05]} 26. Rf1 {[%clk 0:19:40]} Qxc3 0-1

[Event "Moscow Open 2016 A"]
[Site "?"]
[Date "2016.02.06"]
[Round "8.7"]
[White "Triapishko, Olexandr"]
[Black "Ponkratov, Pavel"]
[Result "1/2-1/2"]
[BlackElo "2591"]
[WhiteElo "2471"]
[LiveChessVersion "1.4.7"]

1. Nf3 {[%clk 1:30:55]} Nf6 {[%clk 1:30:52]} 2. g3 {[%clk 1:30:46]} c5
{[%clk 1:30:14]} 3. Bg2 {[%clk 1:30:24]} Nc6 {[%clk 1:30:38]} 4. d4
{[%clk 1:19:20]} cxd4 {[%clk 1:31:03]} 5. Nxd4 {[%clk 1:19:45]} Qb6
{[%clk 1:30:51]} 6. Nb3 {[%clk 1:13:34]} h5 {[%clk 1:21:15]} 7. Nc3
{[%clk 1:05:18]} e6 {[%clk 1:17:41]} 8. e4 {[%clk 1:03:36]} d6 {[%clk 1:14:11]}
9. Qe2 {[%clk 0:51:24]} Be7 {[%clk 1:12:16]} 10. Bg5 {[%clk 0:46:24]} Bd7
{[%clk 1:02:02]} 11. f4 a5 {[%clk 0:59:18]} 12. a4 {[%clk 0:34:24]} Nb4
{[%clk 0:57:42]} 13. O-O-O {[%clk 0:23:23]} Rc8 {[%clk 0:57:27]} 14. Kb1
{[%clk 0:16:32]} Ng4 {[%clk 0:46:48]} 15. Bxe7 {[%clk 0:15:02]} Kxe7
{[%clk 0:45:20]} 16. Rd4 {[%clk 0:12:51]} Bc6 {[%clk 0:25:41]} 17. Rhd1
{[%clk 0:11:04]} Rhd8 {[%clk 0:24:01]} 18. Qd2 {[%clk 0:09:19]} Be8
{[%clk 0:16:09]} 19. Nxa5 {[%clk 0:07:32]} Nxc2 {[%clk 0:16:05]} 20. Qxc2
{[%clk 0:06:55]} Qxa5 {[%clk 0:15:23]} 21. Qd2 {[%clk 0:06:17]} Qc7
{[%clk 0:14:02]} 22. h3 {[%clk 0:03:57]} Nh6 {[%clk 0:14:27]} 23. Rc1
{[%clk 0:03:02]} Qb8 {[%clk 0:13:49]} 24. Bf1 {[%clk 0:01:45]} Ng8
{[%clk 0:13:25]} 25. Rd1 {[%clk 0:01:28]} Bc6 {[%clk 0:13:01]} 26. g4
{[%clk 0:01:29]} hxg4 {[%clk 0:12:24]} 27. hxg4 {[%clk 0:01:57]} e5
{[%clk 0:10:09]} 28. fxe5 {[%clk 0:01:02]} dxe5 {[%clk 0:10:33]} 29. Qg5+
{[%clk 0:01:20]} Nf6 {[%clk 0:10:50]} 30. Rxd8 {[%clk 0:01:32]} Rxd8
{[%clk 0:11:10]} 31. Rxd8 {[%clk 0:01:55]} Qxd8 {[%clk 0:11:35]} 32. Qxe5+
{[%clk 0:02:05]} Kf8 {[%clk 0:12:01]} 33. Be2 {[%clk 0:01:56]} Kg8
{[%clk 0:09:58]} 34. g5 {[%clk 0:00:56]} Nd7 {[%clk 0:05:15]} 35. Qf4
{[%clk 0:01:08]} g6 {[%clk 0:03:03]} 36. Bc4 {[%clk 0:01:11]} Qe7
{[%clk 0:02:51]} 37. Nd5 {[%clk 0:01:01]} Qc5 {[%clk 0:03:01]} 38. Bb3
{[%clk 0:00:50]} Kg7 {[%clk 0:03:16]} 39. Ne3 {[%clk 0:00:42]} Qe7
{[%clk 0:02:37]} 40. Nd5 {[%clk 0:30:38]} Qe5 {[%clk 0:32:00]} 41. Qe3
{[%clk 0:11:12]} f6 {[%clk 0:24:16]} 42. gxf6+ {[%clk 0:10:12]} Nxf6
{[%clk 0:24:36]} 43. Nxf6 {[%clk 0:08:57]} Kxf6 {[%clk 0:24:58]} 44. Qf3+
{[%clk 0:08:07]} 1/2-1/2

[Event "Moscow Open 2016 A"]
[Site "?"]
[Date "2016.02.06"]
[Round "8.8"]
[White "Iljiushenok, Ilia"]
[Black "Lintchevski, Daniil"]
[Result "1/2-1/2"]
[BlackElo "2563"]
[WhiteElo "2470"]
[LiveChessVersion "1.4.7"]

1. d4 {[%clk 1:30:58]} d5 {[%clk 1:23:14]} 2. c4 {[%clk 1:31:10]} c6
{[%clk 1:23:40]} 3. Nc3 {[%clk 1:31:09]} Nf6 {[%clk 1:24:04]} 4. e3
{[%clk 1:31:15]} a6 {[%clk 1:24:07]} 5. Qc2 {[%clk 1:31:27]} e6 {[%clk 1:24:21]}
6. Nf3 {[%clk 1:31:26]} c5 {[%clk 1:23:34]} 7. cxd5 {[%clk 1:31:46]} exd5
{[%clk 1:24:01]} 8. Be2 {[%clk 1:31:59]} Be6 {[%clk 1:24:26]} 9. O-O
{[%clk 1:29:53]} Nc6 {[%clk 1:24:46]} 10. Rd1 {[%clk 1:29:46]} cxd4
{[%clk 1:19:44]} 11. Nxd4 {[%clk 1:26:14]} Nxd4 {[%clk 1:20:09]} 12. Rxd4
{[%clk 1:26:12]} Bc5 {[%clk 1:20:02]} 13. Rd1 {[%clk 1:25:51]} Qe7
{[%clk 1:20:26]} 14. Bf3 {[%clk 1:05:47]} O-O {[%clk 1:20:54]} 15. b3
{[%clk 0:52:07]} Rac8 {[%clk 1:11:56]} 16. Bb2 {[%clk 0:52:08]} Rfd8
{[%clk 1:12:09]} 17. Qe2 {[%clk 0:48:17]} Bb4 {[%clk 1:01:59]} 18. Rac1
{[%clk 0:47:59]} Bxc3 {[%clk 1:00:51]} 19. Rxc3 {[%clk 0:43:27]} Rxc3
{[%clk 1:00:43]} 20. Bxc3 {[%clk 0:43:53]} Ne4 {[%clk 1:00:49]} 21. Qb2
{[%clk 0:40:45]} f6 {[%clk 0:58:18]} 22. Bd4 {[%clk 0:40:24]} Rc8
{[%clk 0:57:35]} 23. Rc1 {[%clk 0:39:32]} Qd7 {[%clk 0:52:38]} 24. Be2
{[%clk 0:38:22]} Rc6 {[%clk 0:51:05]} 25. f3 {[%clk 0:29:14]} Nd6
{[%clk 0:51:17]} 26. Rxc6 {[%clk 0:29:39]} Qxc6 {[%clk 0:51:41]} 27. Qc3
{[%clk 0:30:00]} Qxc3 {[%clk 0:49:20]} 28. Bxc3 {[%clk 0:30:29]} Kf7
{[%clk 0:49:38]} 29. Kf2 {[%clk 0:30:47]} Nf5 {[%clk 0:44:45]} 30. g4
{[%clk 0:29:20]} Ne7 {[%clk 0:44:59]} 31. h4 {[%clk 0:24:52]} g6 {[%clk 0:41:10]}
32. Kg3 {[%clk 0:24:25]} h6 {[%clk 0:40:55]} 33. Bd4 {[%clk 0:22:29]} Nc6
{[%clk 0:39:23]} 34. Bc5 {[%clk 0:22:55]} Ne5 {[%clk 0:36:37]} 35. Bd6
{[%clk 0:21:26]} Nc6 {[%clk 0:36:48]} 36. Bc5 {[%clk 0:21:35]} Ne5
{[%clk 0:37:12]} 37. Kf4 {[%clk 0:17:59]} g5+ {[%clk 0:36:08]} 38. Kg3
{[%clk 0:18:26]} f5 {[%clk 0:34:28]} 39. Bd4 {[%clk 0:16:15]} Nc6
{[%clk 0:25:19]} 40. Bc3 {[%clk 0:46:38]} Ne7 {[%clk 0:54:48]} 41. hxg5
{[%clk 0:40:08]} hxg5 {[%clk 0:55:07]} 42. gxf5 {[%clk 0:40:07]} Bxf5
{[%clk 0:55:14]} 43. Kf2 {[%clk 0:38:04]} Nc6 {[%clk 0:53:46]} 44. Ke1
{[%clk 0:35:30]} Ke6 {[%clk 0:54:06]} 45. Kd2 {[%clk 0:35:48]} Bg6
{[%clk 0:52:49]} 46. Bg7 {[%clk 0:34:08]} Ne7 {[%clk 0:51:54]} 47. Bf1
{[%clk 0:33:40]} Bh5 {[%clk 0:50:39]} 48. Ke2 {[%clk 0:28:42]} g4
{[%clk 0:50:38]} 49. fxg4 {[%clk 0:28:51]} Bxg4+ {[%clk 0:50:54]} 50. Kd2
{[%clk 0:29:04]} Nf5 {[%clk 0:50:57]} 51. Bb2 {[%clk 0:28:49]} Ng3
{[%clk 0:50:58]} 52. Bg2 {[%clk 0:28:36]} Bf5 {[%clk 0:50:41]} 53. Bd4
{[%clk 0:27:30]} Be4 {[%clk 0:50:50]} 54. Bh3+ {[%clk 0:27:58]} Bf5
{[%clk 0:51:15]} 55. Bg2 {[%clk 0:28:27]} Be4 {[%clk 0:51:08]} 56. Bh3+
{[%clk 0:28:54]} Bf5 {[%clk 0:51:34]} 1/2-1/2

[Event "Moscow Open 2016 A"]
[Site "?"]
[Date "2016.02.06"]
[Round "8.9"]
[White "Andreev, Eduard"]
[Black "Pridorozhni, Aleksei"]
[Result "1/2-1/2"]
[BlackElo "2550"]
[WhiteElo "2458"]
[LiveChessVersion "1.4.7"]

1. e4 {[%clk 1:29:51]} e6 {[%clk 1:30:54]} 2. d4 {[%clk 1:29:34]} d5
{[%clk 1:31:17]} 3. e5 {[%clk 1:29:30]} c5 {[%clk 1:31:41]} 4. c3
{[%clk 1:29:53]} Bd7 {[%clk 1:32:03]} 5. Nf3 {[%clk 1:29:48]} Nc6
{[%clk 1:32:18]} 6. Be2 {[%clk 1:28:38]} f6 {[%clk 1:32:17]} 7. O-O
{[%clk 1:26:12]} fxe5 {[%clk 1:32:21]} 8. Nxe5 {[%clk 1:26:12]} Nxe5
{[%clk 1:31:47]} 9. dxe5 {[%clk 1:26:36]} Qc7 {[%clk 1:29:47]} 10. c4
{[%clk 1:26:03]} d4 {[%clk 1:28:24]} 11. Re1 {[%clk 1:23:36]} O-O-O
{[%clk 1:27:11]} 12. Bd3 {[%clk 1:23:12]} Ne7 {[%clk 1:21:41]} 13. Nd2
{[%clk 0:56:47]} Nc6 {[%clk 1:14:11]} 14. Ne4 {[%clk 0:53:54]} Qxe5
{[%clk 1:03:56]} 15. a3 h6 {[%clk 0:59:06]} 16. Bd2 {[%clk 0:23:12]} Qc7
{[%clk 0:50:35]} 17. b4 {[%clk 0:21:12]} g5 {[%clk 0:48:26]} 18. Bf1
{[%clk 0:16:35]} Ne5 {[%clk 0:38:09]} 19. bxc5 {[%clk 0:16:22]} Bc6
{[%clk 0:36:44]} 20. Bb4 {[%clk 0:11:25]} Bxe4 {[%clk 0:29:18]} 21. Rxe4
{[%clk 0:11:47]} d3 {[%clk 0:29:18]} 22. Qe1 {[%clk 0:08:53]} Nc6
{[%clk 0:25:39]} 23. Rd1 {[%clk 0:08:56]} Bg7 {[%clk 0:22:09]} 24. Rxe6
{[%clk 0:08:07]} Rhf8 {[%clk 0:21:45]} 25. Rxd3 {[%clk 0:05:32]} Bd4
{[%clk 0:21:32]} 26. Re2 {[%clk 0:03:27]} Kb8 {[%clk 0:13:37]} 27. Bc3
{[%clk 0:03:09]} Bxc5 {[%clk 0:13:30]} 28. Rxd8+ {[%clk 0:03:32]} Rxd8
{[%clk 0:13:57]} 29. a4 {[%clk 0:03:05]} a6 {[%clk 0:13:50]} 30. Kh1
{[%clk 0:00:47]} Ka7 {[%clk 0:10:31]} 31. Rd2 {[%clk 0:01:11]} Rxd2
{[%clk 0:05:38]} 32. Bxd2 {[%clk 0:01:20]} Qb6 {[%clk 0:05:57]} 33. f4
{[%clk 0:01:30]} Qd8 {[%clk 0:02:17]} 34. fxg5 {[%clk 0:00:58]} hxg5
{[%clk 0:02:43]} 35. Be3 {[%clk 0:00:55]} Qe7 {[%clk 0:01:18]} 36. Bd2
{[%clk 0:01:07]} Qf6 {[%clk 0:01:26]} 37. Be2 {[%clk 0:01:00]} Ne5
{[%clk 0:00:48]} 38. Bc3 {[%clk 0:00:47]} Qf5 {[%clk 0:00:58]} 39. Qf1
{[%clk 0:00:40]} Qe4 {[%clk 0:01:16]} 40. Bxe5 {[%clk 0:30:36]} Qxe5
{[%clk 0:31:41]} 41. Bf3 {[%clk 0:28:20]} Bb4 {[%clk 0:17:54]} 42. g3
{[%clk 0:25:47]} Qe1 {[%clk 0:16:09]} 43. Qxe1 {[%clk 0:26:07]} Bxe1
{[%clk 0:16:35]} 44. Kg2 {[%clk 0:26:17]} Kb6 {[%clk 0:16:39]} 45. Kh3
{[%clk 0:26:24]} Kc7 {[%clk 0:17:02]} 46. Kg4 {[%clk 0:26:41]} Bd2
{[%clk 0:17:27]} 47. Kf5 {[%clk 0:23:10]} b6 {[%clk 0:17:49]} 48. h4
{[%clk 0:19:17]} gxh4 {[%clk 0:18:10]} 49. gxh4 {[%clk 0:19:42]} Kd7
{[%clk 0:18:09]} 50. h5 {[%clk 0:17:01]} Ke7 {[%clk 0:18:23]} 51. Kg6
{[%clk 0:16:46]} Kf8 {[%clk 0:18:47]} 52. Bd5 {[%clk 0:16:20]} a5
{[%clk 0:19:10]} 53. h6 {[%clk 0:16:33]} Bc1 {[%clk 0:19:34]} 54. h7
{[%clk 0:16:28]} Bb2 {[%clk 0:20:00]} 55. Kf5 {[%clk 0:16:16]} Kg7
{[%clk 0:20:25]} 56. Ke4 1/2-1/2

[Event "Moscow Open 2016 A"]
[Site "?"]
[Date "2016.02.06"]
[Round "8.10"]
[White "Bernadskiy, Vitaliy"]
[Black "Khegay, Dmitriy"]
[Result "1-0"]
[BlackElo "2416"]
[WhiteElo "2546"]
[LiveChessVersion "1.4.7"]

1. e4 {[%clk 1:30:56]} e6 {[%clk 1:30:56]} 2. d3 {[%clk 1:30:18]} c5
{[%clk 1:30:41]} 3. f4 {[%clk 1:27:18]} d5 {[%clk 1:31:03]} 4. Nf3
{[%clk 1:26:46]} b6 {[%clk 1:25:36]} 5. Qe2 {[%clk 1:20:50]} Bb7 {[%clk 1:25:31]}
6. exd5 {[%clk 1:19:35]} Qxd5 {[%clk 1:14:45]} 7. Nc3 {[%clk 1:19:16]} Qh5
{[%clk 1:15:08]} 8. Bd2 {[%clk 1:02:13]} Bxf3 {[%clk 1:14:33]} 9. gxf3
{[%clk 1:02:18]} Nc6 {[%clk 0:58:37]} 10. O-O-O {[%clk 1:00:49]} Nf6
{[%clk 0:58:59]} 11. Bg2 {[%clk 0:58:59]} Be7 {[%clk 0:54:41]} 12. f5
{[%clk 0:56:00]} Nd4 {[%clk 0:51:40]} 13. Qf1 {[%clk 0:54:52]} Qxf5
{[%clk 0:49:18]} 14. f4 {[%clk 0:49:49]} Rd8 {[%clk 0:48:31]} 15. Re1
{[%clk 0:43:48]} Qh5 {[%clk 0:48:21]} 16. Ne2 {[%clk 0:37:00]} Nxe2+
{[%clk 0:45:21]} 17. Rxe2 {[%clk 0:36:25]} Qh4 {[%clk 0:45:34]} 18. Bc6+
{[%clk 0:32:41]} Kf8 {[%clk 0:45:52]} 19. Rg1 {[%clk 0:32:01]} Rd6
{[%clk 0:20:04]} 20. Bf3 {[%clk 0:31:10]} Rg8 {[%clk 0:14:15]} 21. Rg3
{[%clk 0:26:30]} Nd5 {[%clk 0:13:02]} 22. f5 {[%clk 0:26:50]} Qa4
{[%clk 0:11:31]} 23. Kb1 {[%clk 0:25:04]} exf5 {[%clk 0:10:00]} 24. Bxd5
{[%clk 0:22:08]} Rxd5 {[%clk 0:10:26]} 25. Rge3 {[%clk 0:22:24]} Bf6
{[%clk 0:08:42]} 26. Qf3 {[%clk 0:17:23]} Rd8 {[%clk 0:09:03]} 27. Qxf5
{[%clk 0:17:08]} Qc6 {[%clk 0:06:44]} 28. Re4 {[%clk 0:15:03]} Rh8
{[%clk 0:03:17]} 29. Rf2 {[%clk 0:13:22]} h5 {[%clk 0:03:26]} 30. Rfe2
{[%clk 0:10:36]} g6 {[%clk 0:01:47]} 31. Qf1 {[%clk 0:10:23]} Kg7
{[%clk 0:01:26]} 32. Rf2 {[%clk 0:10:22]} Rd4 {[%clk 0:00:42]} 33. Re3
{[%clk 0:08:35]} Bg5 {[%clk 0:00:32]} 34. Rxf7+ {[%clk 0:06:53]} Kh6
{[%clk 0:01:01]} 35. Qc1 {[%clk 0:05:31]} Bxe3 {[%clk 0:00:51]} 36. Bxe3+
{[%clk 0:05:57]} g5 {[%clk 0:01:18]} 37. Bxd4 {[%clk 0:06:10]} cxd4
{[%clk 0:01:40]} 38. Qf1 {[%clk 0:06:31]} 1-0

[Event "Moscow Open 2016 A"]
[Site "?"]
[Date "2016.02.06"]
[Round "8.11"]
[White "Vorontsov, Pavlo"]
[Black "Yudin, Sergei"]
[Result "1-0"]
[BlackElo "2545"]
[WhiteElo "2395"]
[LiveChessVersion "1.4.7"]

1. Nf3 {[%clk 1:30:54]} e6 {[%clk 1:30:53]} 2. g3 {[%clk 1:31:16]} b5
{[%clk 1:31:09]} 3. Bg2 {[%clk 1:31:37]} Bb7 {[%clk 1:31:32]} 4. O-O
{[%clk 1:31:59]} Nf6 {[%clk 1:31:54]} 5. d3 {[%clk 1:30:50]} c5 {[%clk 1:31:34]}
6. e4 {[%clk 1:31:00]} d6 {[%clk 1:31:58]} 7. a4 {[%clk 1:31:02]} b4
{[%clk 1:31:34]} 8. Nbd2 {[%clk 1:30:55]} Nc6 {[%clk 1:30:25]} 9. Nc4
{[%clk 1:28:38]} Qc7 {[%clk 1:26:37]} 10. a5 {[%clk 1:24:58]} Rd8
{[%clk 1:23:24]} 11. Bf4 {[%clk 1:16:17]} Nd7 {[%clk 1:20:12]} 12. a6
{[%clk 1:01:22]} Bc8 {[%clk 1:17:05]} 13. c3 {[%clk 1:00:39]} Be7
{[%clk 1:12:07]} 14. d4 {[%clk 0:54:29]} O-O {[%clk 1:11:51]} 15. d5
{[%clk 0:50:33]} exd5 {[%clk 1:11:49]} 16. exd5 {[%clk 0:48:52]} Ncb8
{[%clk 1:12:15]} 17. Re1 {[%clk 0:48:15]} Nf6 {[%clk 1:12:35]} 18. cxb4
{[%clk 0:47:06]} cxb4 {[%clk 1:11:56]} 19. Rc1 {[%clk 0:45:27]} Qd7
{[%clk 1:12:21]} 20. Nd4 {[%clk 0:40:36]} Bxa6 {[%clk 1:11:53]} 21. Nc6
{[%clk 0:40:18]} Nxc6 {[%clk 1:12:01]} 22. dxc6 {[%clk 0:40:43]} Qc7
{[%clk 1:12:27]} 23. Ne3 {[%clk 0:40:59]} Rfe8 {[%clk 1:12:46]} 24. Nf5
{[%clk 0:37:47]} Bf8 25. Rxe8 {[%clk 0:37:43]} Nxe8 {[%clk 1:12:44]} 26. Qa4
{[%clk 0:36:19]} Bd3 {[%clk 1:12:06]} 27. Ne3 {[%clk 0:36:23]} Qb8
{[%clk 1:10:14]} 28. Nd5 {[%clk 0:34:31]} Nc7 {[%clk 1:10:37]} 29. Nxb4
{[%clk 0:26:16]} Bf5 {[%clk 1:10:27]} 30. Qa5 {[%clk 0:24:25]} Be6
{[%clk 1:10:00]} 31. Na6 {[%clk 0:20:39]} Nxa6 {[%clk 1:10:06]} 32. Qxa6
{[%clk 0:21:06]} Bc8 {[%clk 1:08:06]} 33. Qe2 {[%clk 0:18:24]} Qc7
{[%clk 1:07:54]} 34. Bd5 {[%clk 0:18:06]} h6 {[%clk 1:07:59]} 35. Ra1
{[%clk 0:17:29]} a6 {[%clk 1:08:14]} 36. b4 {[%clk 0:15:26]} g5 {[%clk 1:06:38]}
37. Be3 {[%clk 0:15:00]} Re8 {[%clk 1:05:55]} 38. b5 {[%clk 0:12:19]} Bg7
{[%clk 1:06:11]} 39. Ra2 {[%clk 0:11:42]} Bd4 {[%clk 1:04:09]} 40. Qd3
{[%clk 0:36:20]} Bxe3 {[%clk 1:34:12]} 41. Qg6+ {[%clk 0:36:47]} Kf8
{[%clk 1:34:13]} 42. Qxh6+ {[%clk 0:37:12]} Kg8 {[%clk 1:34:31]} 43. fxe3
{[%clk 0:36:55]} Re5 {[%clk 1:34:33]} 44. b6 {[%clk 0:33:23]} Qxb6
{[%clk 1:34:09]} 45. Qg6+ {[%clk 0:33:49]} Kh8 {[%clk 1:34:33]} 46. Qh5+
{[%clk 0:34:17]} Kg7 {[%clk 1:34:55]} 47. Qxf7+ {[%clk 0:34:40]} Kh6
{[%clk 1:35:20]} 48. Qf8+ {[%clk 0:34:42]} 1-0

[Event "Moscow Open 2016 A"]
[Site "?"]
[Date "2016.02.06"]
[Round "8.12"]
[White "Ivanov, Oleg V"]
[Black "Kopylov, Alexander A."]
[Result "1/2-1/2"]
[BlackElo "2401"]
[WhiteElo "2519"]
[LiveChessVersion "1.4.7"]

1. e4 {[%clk 1:30:55]} e5 {[%clk 1:17:12]} 2. Nf3 {[%clk 1:31:14]} Nc6
{[%clk 1:15:31]} 3. Bb5 {[%clk 1:31:34]} a6 {[%clk 1:11:42]} 4. Ba4
{[%clk 1:31:54]} Nf6 {[%clk 1:11:51]} 5. O-O {[%clk 1:32:10]} Be7
{[%clk 1:11:46]} 6. Re1 {[%clk 1:32:31]} b5 {[%clk 1:09:36]} 7. Bb3
{[%clk 1:32:17]} O-O {[%clk 1:09:33]} 8. c3 {[%clk 1:32:42]} d5 {[%clk 1:05:32]}
9. exd5 {[%clk 1:32:35]} Nxd5 {[%clk 1:05:46]} 10. Nxe5 {[%clk 1:32:54]} Nxe5
{[%clk 1:06:00]} 11. Rxe5 {[%clk 1:33:18]} c6 {[%clk 1:05:29]} 12. d3
{[%clk 1:33:21]} Bd6 {[%clk 1:01:35]} 13. Re1 {[%clk 1:33:40]} Bf5
{[%clk 0:59:43]} 14. Qf3 {[%clk 1:33:25]} Bg6 {[%clk 0:59:23]} 15. Na3
{[%clk 1:32:19]} Bxa3 {[%clk 0:39:51]} 16. bxa3 {[%clk 1:32:25]} Nxc3
{[%clk 0:40:04]} 17. Bb2 {[%clk 1:31:47]} Na4 {[%clk 0:36:19]} 18. Bxa4
{[%clk 1:25:19]} bxa4 {[%clk 0:36:45]} 19. Qxc6 {[%clk 1:23:47]} Qxd3
{[%clk 0:34:14]} 20. Qxa4 {[%clk 1:22:36]} Rad8 {[%clk 0:26:26]} 21. Rac1
{[%clk 1:13:26]} Qb5 {[%clk 0:20:01]} 22. Qb4 {[%clk 1:13:23]} Qxb4
{[%clk 0:18:12]} 23. axb4 {[%clk 1:13:39]} Rd2 {[%clk 0:18:34]} 24. Be5
{[%clk 1:11:14]} Rxa2 {[%clk 0:15:17]} 25. Bd6 {[%clk 1:10:06]} Rd8
{[%clk 0:15:35]} 26. Bc7 {[%clk 1:04:40]} Rc8 {[%clk 0:15:30]} 27. Rc5
{[%clk 1:04:39]} h5 {[%clk 0:13:38]} 28. h4 {[%clk 1:03:33]} Rc2 {[%clk 0:11:36]}
29. Re7 {[%clk 1:00:20]} Kf8 {[%clk 0:03:49]} 30. Bd6 {[%clk 0:59:34]} Kg8
{[%clk 0:03:12]} 31. Rg5 {[%clk 0:54:33]} Rd8 {[%clk 0:02:45]} 32. Bc5
{[%clk 0:53:16]} Rc4 {[%clk 0:03:06]} 33. g3 {[%clk 0:38:22]} Be4
{[%clk 0:03:25]} 34. Kh2 {[%clk 0:38:38]} Rd1 {[%clk 0:02:12]} 35. Re8+
{[%clk 0:38:15]} Kh7 {[%clk 0:02:39]} 36. Rxh5+ {[%clk 0:38:36]} Kg6
{[%clk 0:03:06]} 37. Rg5+ {[%clk 0:38:52]} Kh7 {[%clk 0:02:47]} 38. Rh5+
{[%clk 0:37:47]} Kg6 {[%clk 0:03:14]} 39. Rg5+ {[%clk 0:38:08]} Kh7
{[%clk 0:03:43]} 40. Rh5+ {[%clk 1:05:41]} Kg6 {[%clk 0:34:10]} 1/2-1/2